000 01509cam a2200289 4500500
005 20260329005956.0
041 _afre
042 _adc
100 1 0 _aGély, Raphaël
_eauthor
245 0 0 _aPour une approche non-duelle du judaïsme
260 _c2024.
500 _a35
520 _aCe texte est une lecture de l’ouvrage de Gabriel Hagaï (Itinéraire d’une initiation. Le cheminement d’un rabbin qabbaliste, Bruxelles, Vues de l’esprit, 2025) cherchant à montrer comment l’approche non-duelle du judaïsme qui y est développée articule de façon très singulière le plan du cheminement spirituel et celui de l’engagement dans un monde originairement pluriel.
520 _aThis text is a reading of Gabriel Hagaï’s book (Itinéraire d’une initiation. Le cheminement d’un rabbin qabbaliste, Bruxelles, Vues de l’esprit, 2025), which seeks to show how the non-dualistic approach to Judaism developed therein articulates in a unique way the spiritual journey and the commitment to a world that is inherently pluralistic.
690 _aislam
690 _ajudaïsme
690 _akabbale
690 _anon-dualité
690 _aspiritualité
690 _aIslam
690 _aJudaism
690 _akabbalah
690 _anon-duality
690 _aspirituality
786 0 _nAnalecta Bruxellensia | 26 | 2 | 2024-10-19 | p. 239-254 | 1372-7281
856 4 1 _uhttps://shs.cairn.info/revue-analecta-bruxellensia-2024-2-page-239?lang=fr&redirect-ssocas=7080
999 _c1848395
_d1848395